000 00522pam a2200181 a 4500
001 1003613
005 20250317165437.0
008 870113s1987 cau 000 0 eng
020 _a0898401763 (pbk.) :
_c$7.95
050 0 0 _aBV4520
_b.B65 1987
082 0 0 _a248/.5
_219
100 1 _aBright, Bill.
245 1 0 _aWitnessing without fear /
_cBill Bright.
260 _aSan Bernardino, CA :
_bHere's Life Publishers,
_cc1987.
300 _a215 p. ;
_c21 cm.
650 0 _aWitness bearing (Christianity)
942 _2lcc
_cBK
_n0
999 _c4896
_d4896